Art without waste (Record no. 305407)
[ view plain ]
| 000 -LEADER | |
|---|---|
| fixed length control field | 01564nam a22001937a 4500 |
| 003 - CONTROL NUMBER IDENTIFIER | |
| control field | LC |
| 005 - DATE AND TIME OF LATEST TRANSACTION | |
| control field | 20170203101957.0 |
| 008 - FIXED-LENGTH DATA ELEMENTS--GENERAL INFORMATION | |
| fixed length control field | 170203b xxu||||| |||| 00| 0 eng d |
| 020 ## - INTERNATIONAL STANDARD BOOK NUMBER | |
| International Standard Book Number | 9781631590313 |
| 050 ## - LIBRARY OF CONGRESS CALL NUMBER | |
| Classification number | N 6498.F6. W872 2014 |
| 100 ## - MAIN ENTRY--PERSONAL NAME | |
| Personal name | Wongpakdee, Patty K. |
| 245 ## - TITLE STATEMENT | |
| Title | Art without waste |
| Remainder of title | 500 upcycled & earth-friendly designs / |
| Statement of responsibility, etc | Patty K Wongpakdee |
| 260 ## - PUBLICATION, DISTRIBUTION, ETC. (IMPRINT) | |
| Place of publication, distribution, etc | Beverly, MA : |
| Name of publisher, distributor, etc | Rockport Publishers, |
| Date of publication, distribution, etc | c2014 |
| 300 ## - PHYSICAL DESCRIPTION | |
| Extent | 208 pages : |
| Other physical details | chiefly color illustrations ; |
| Dimensions | 21 cm |
| 520 ## - SUMMARY, ETC. | |
| Summary, etc | <br/>"Art Without Waste features 500 upcycled and Earth-friendly designs from cutting-edge designers, illustrators and artists around the world. With a broad scope of alternative uses for discarded items, such as bottle caps, gas cans, and skateboards, the designs featured in this book also explore new uses for sustainable resources such as wood, straw, and paper. This is a gorgeous and inspiring collection of works from artists whose approach often incorporates eco-friendly principles such as upcycling, with sustainability as a central goal. Find inspiration from an array of non-traditional artists and designers. Some have invented new techniques, while others have harnessed a creative passion into manipulated materials, resulting in dynamic forms that encourage audiences to perceive discarded items in an entirely new light. So don't just throw away that bottle or plastic cap- recycle it into your own exciting art projects" |
| 650 ## - SUBJECT ADDED ENTRY--TOPICAL TERM | |
| Topical term or geographic name as entry element | Found objects (Art) |
| Form subdivision | Pictorial works. |
| 650 ## - SUBJECT ADDED ENTRY--TOPICAL TERM | |
| Topical term or geographic name as entry element | Recycled products |
| Form subdivision | Pictorial works. |
| 942 ## - ADDED ENTRY ELEMENTS (KOHA) | |
| Source of classification or shelving scheme | Library of Congress Classification |
| Koha item type | Books |
| Withdrawn status | Lost status | Source of classification or shelving scheme | Damaged status | Home library | Current library | Shelving location | Date acquired | Source of acquisition | Total Checkouts | Full call number | Barcode | Date last seen | Price effective from | Koha item type |
|---|---|---|---|---|---|---|---|---|---|---|---|---|---|---|
| Library of Congress Classification | Luxembourg Library | Luxembourg Library | Teachers Reference Section | 02/03/2017 | Library Fund | N 6498.F6. W872 2014 | 20382 | 02/03/2017 | 02/03/2017 | Books |